| 000 | 00727nam a22002297a 4500 | ||
|---|---|---|---|
| 005 | 20170124105933.0 | ||
| 010 | _aA-681507 | ||
| 020 |
_c32.00 _a8120907256 |
||
| 035 | _aA-681507 | ||
| 037 | _bCen Lib/ Ret | ||
| 040 |
_aDPL _bEN |
||
| 082 |
_a300 _bAGG |
||
| 100 |
_aAggarwal, K. _98811 |
||
| 245 |
_aUnderstanding social studies / _cby K. Aggarwal, K.Ratna Rao [and] B. Malhotra |
||
| 260 |
_aNew Delhi _bPitambar Publishing Company Pvt. Ltd. _c1993 |
||
| 270 |
_a888, East Park Road , Karol Bagh _bNew Delhi _e110005 |
||
| 300 |
_a143p. : _bCol.ill. _c23cm(Hb) |
||
| 650 |
_aSocial Science _98812 |
||
| 700 |
_aRao, K. Ratna _98795 |
||
| 700 |
_aMalhotra, B. _98796 |
||
| 942 |
_2ddc _cEN _h300 _mAGG |
||
| 999 |
_c123985 _d123985 |
||